000 006600000a22002290004500
003 LK-CoMWRAF
005 20231215145738.0
008 230817t1974 ||||| |||| 00| 0 eng d
020 _a086037016X
040 _aLK-CoMWRAF
_dLK-CoMWRAF
_eLK-CoMWRAF
041 _aeng
082 _a297.577
_bAHM
100 _aAhmad, Khurshid
245 _aFamily life in Islam
260 _aLeicester:
_bThe Islamic Foundation,
_c1974
300 _a38 p.
650 _aFamily -- Islamic countries
650 _aFamily -- Religious life
650 _aDomestic relations (Islamic law)
856 _uhttps://shibircloud.com/pdf/family_life_in_islam.pdf
942 _cBK
999 _c1527
_d1527